| 000 | 01251 a2200181 4500 | ||
|---|---|---|---|
| 003 | Nust | ||
| 005 | 20221205120342.0 | ||
| 020 | _a003059246 | ||
| 040 | _cNust | ||
| 082 | _a621.3815324,VAL | ||
| 100 |
_aValkenburg, Van M.E _9104113 |
||
| 245 |
_aAnalog filter design / _c M.E Van Valkenburg, |
||
| 260 |
_aHolt Rinehat and winston _bNew York _c1982 |
||
| 300 |
_axi,608 p _billus |
||
| 505 | _aIntroduction (Page-1), Resistor operational amplifier circuits (Page-15), Bilinear transfer functions and frequency (Page-53), Cascade design with first order circuits (Page-85), The Biquad circuits (Page-119), Butterworth lowpass filiters (Page-157), Butterworth bandpass filters (Page-189), The chebyshev response (Page-223), Sensitivity (Page-261), Delay filters (Page-279), Frequency trasformations (Page-299), Highpass and band elimination filters (Page-323), Inverse chebyshev and cauer filters (Page-365), Prototype and frequency transformed ladders (Page-399), Ladder design with simulated elements (Page-429), Leapfrog simulation of ladders (Page-459), Switched capacitor filters (Page-487), Delay equallization (Page-523), Op Amp oscillators (Page-549), Better Op-Amp models (Page-571). | ||
| 650 |
_aFilter design _9104114 |
||
| 942 |
_2ddc _cBK |
||
| 999 |
_c189195 _d189195 |
||